000 00385nam a2200157 i 4500
001 bg
100 1 _aANDERSON, Brian D. O.
245 0 _aFiltracja optymalna /
_cBrian D.O. Anderson, John Moore.
260 _aWarszawa,
_c1984.
700 1 _aMOORE, John B.
040 _cBPK
041 _apol
080 _a621.37:681.327
942 _cKS
008 s pl f |000 0 pol
999 _c2551
_d2551
856 _uhttp://koha.tu.koszalin.pl/cgi-bin/koha/opac-detail.pl?biblionumber=2551
_yKatalog online BPK